书目信息 |
| 题名: |
哲学、自然科学基础知识自学辅导
|
|
| 作者: | ;四川大学马列主义教研室 编写 | |
| 分册: | ||
| 出版信息: | 成都 四川省社会科学院出版社 1983 |
|
| 页数: | 118页 | |
| 开本: | 19cm | |
| 丛书名: | ||
| 单 册: | ||
| 中图分类: | B0-0 , B0 | |
| 科图分类: | ||
| 主题词: | 哲学理论--自学参考资料 | |
| 电子资源: | ||
| ISBN: | ||
| 000 | 00724nam0 2200241 45 | |
| 001 | 1240754140 | |
| 005 | 20090929161557.15 | |
| 010 | @dCNY0.38 | |
| 091 | @aCN@b17316.1 | |
| 100 | @a19950619d1983 em y0chiy0121 ea | |
| 101 | 0 | @achi |
| 102 | @aCN@b510000 | |
| 105 | @ay z 000yy | |
| 200 | 10 | @a哲学、自然科学基础知识自学辅导@Azhe xue zi ran ke xue ji chu zhi shi zi xue fu dao@f四川大学马列主义教研室编写 |
| 210 | @a成都@c四川省社会科学院出版社@d1983 | |
| 215 | @a118页@d19cm | |
| 606 | 0 | @a哲学理论@x自学参考资料 |
| 690 | @aB0-0@v3 | |
| 690 | @aB0@v4 | |
| 711 | 02 | @a四川大学马列主义教研室@Asi chuan da xue ma lie zhu yi jiao yan shi@4编写 |
| 801 | 0 | @aCN@bTSSF |
| 801 | 2 | @aCN@bNLC |
| 905 | @a10447@dB0@eJY59:1 | |
| 哲学、自然科学基础知识自学辅导/四川大学马列主义教研室编写.-成都:四川省社会科学院出版社,1983 |
| 118页;19cm |
| ISBN :CNY0.38 |
| ● |
| 相关链接 |
|
|
|
|
正题名:哲学、自然科学基础知识自学辅导
索取号:B0/JY59:1
 
预约/预借
| 序号 | 登录号 | 条形码 | 馆藏地/架位号 | 状态 | 备注 |
| 1 | 7809598 | 278095981 | 学院路分馆/ [索取号:B0/JY59:1] | 在馆 | |
| 2 | 7809599 | 278095990 | 学院路分馆/ [索取号:B0/JY59:1] | 在馆 | |
| 3 | 7809600 | 278096007 | 学院路分馆/ [索取号:B0/JY59:1] | 在馆 | |
| 4 | 7809601 | 278096016 | 学院路分馆/ [索取号:B0/JY59:1] | 在馆 |